Opiniones del gato Murr / (Registro nro. 8642)

Detalles MARC
000 -LIDER
fixed length control field 00904nam a2200289 4500
001 - NÚMERO DE CONTROL
Identificador de número de control 1468
003 - IDENTIFICACDOR DE NÚMERO DE CONTROL
control field DO-SdBPM
005 - DATE AND TIME OF LATEST TRANSACTION
control field 20250115121756.0
007 - CAMPOS FIJOS DE DESCRIPCIÓN FÍSICA
fixed length control field 1468
008 - ELEMENTOS DE LONGITUD FIJA
fixed length control field 970723s1997 sp | ||| ||spa
020 ## - ISBN
International Standard Book Number 8437615046
040 ## - FUENTE DE CATALOGACIÓN
Agencia que crea de manera original el registro DO-SdBPM
Idioma de catalogación spa
Agencia que realiza la transcripción BPMSU
082 #4 - NÚMERO DE CLASIFICACIÓN DECIMAL DE DEWEY
Edition number 22
100 1# - ASIENTO PRINCIPAL -- NOMBRE PERSONAL
Nombre personal Hoffmann, Ernst T. A.
Fechas asociadas con el nombre 1776-1822
240 10 - TITULO UNIFORME
Título uniforme Lebensansichten des katers Murr
Idioma de una obra Español
245 10 - MENCIÓN DE TITULO
Título Opiniones del gato Murr /
Mención de responsabilidad E.T.A. Hoffmann ; edición de Ana Pérez ; traducción de Carlos Fortea
260 ## - PUBLICACIÓN, DISTRIBUCIÓN, ETC. (PIE DE IMPRENTA)
Lugar de publicación, distribución, etc Madrid :
Nombre del editor, distribuidor, etc. Cátedra,
Fecha de publicación, distribución, etc 1997
300 ## - DESCRIPCIÓN FÍSICA
Extensión 525 p.:
Otros detalles físicos il.;
Dimensiones 20 cm.
490 0# - MENCIÓN DE SERIES
Mención de serie Letras universales,
Volume/sequential designation 249
590 ## - NOTA LOCAL
Texto de la nota local Inventariado, 2025/VM
650 #4 - ENCABEZAMIENTO DE MATERIA--TEMÁTICO
Término temático o nombre geográfico como elemento de entrada Novela alemana
Subdivisión cronológica Siglo XIX
650 #4 - ENCABEZAMIENTO DE MATERIA--TEMÁTICO
Término temático o nombre geográfico como elemento de entrada Política
Subdivisión temática general Aspectos psicológicos
Subdivisión de forma Novela
700 1# - ASIENTO SECUNDARIO -- NOMBRE PERSONAL
Nombre personal Pérez, Ana
Fechas asociadas con el nombre 1941-
Mención de responsabilidad editora
700 1# - ASIENTO SECUNDARIO -- NOMBRE PERSONAL
Nombre personal Fortea, Carlos
910 ## - VALIDACIÓN
Validación VMateo V. Control de calidad. BPMSU
942 ## - ADDED ENTRY ELEMENTS (KOHA)
Source of classification or shelving scheme Dewey Decimal Classification
Koha item type Libros
Existencias
Withdrawn status Lost status Source of classification or shelving scheme Damaged status Not for loan Collection code Home library Current library Date acquired Source of acquisition Total Checkouts Full call number Barcode Date last seen Price effective from Koha item type Copy number
    Dewey Decimal Classification     Colección General Biblioteca Pública Metropolitana Salomé Ureña Biblioteca Pública Metropolitana Salomé Ureña 11/11/2015 Fundación Educativa y Cultural   BPMSU CG M864 H887o 2014 BPMSU15110189 11/11/2015 11/11/2015 Libros  
    Dewey Decimal Classification     Colección General Biblioteca Pública Metropolitana Salomé Ureña Biblioteca Pública Metropolitana Salomé Ureña 11/11/2015 Fundación Educativa y Cultural   BPMSU CG M864 H887o 2014 BPMSU15110190 11/11/2015 11/11/2015 Libros e.2